| 000 | 00616nam a22002057a 4500 | ||
|---|---|---|---|
| 005 | 20140808164833.0 | ||
| 010 | _aENG-110349 | ||
| 020 |
_a9789350623220 _c225.00 |
||
| 035 | _aEN-93881 | ||
| 037 | _bDBAD/PUB | ||
| 082 | _a658.404 | ||
| 100 | _aAhuja, Vanita | ||
| 245 |
_aIndian project management / _cby Vanita Ahuja [and] Sangeeta Sinha |
||
| 260 |
_aNew Delhi _bExcel Books _c2013 |
||
| 270 |
_aA-45, Naraina, Phase I _bNew Delhi _e110028 |
||
| 300 |
_ax,142p. _c24cm(pbk) |
||
| 500 | _aIncludes bibliographical references | ||
| 700 | _aSinha, Sangeeta | ||
| 942 |
_2ddc _cEN _mAHU _h658.404 |
||
| 999 |
_c86270 _d86270 |
||